Geografisches Brückenworträtsel - Statistiken

Allgemein
  • Dieses Quiz wurde 335 mal gespielt
  • Das Durchschnittsergebnis liegt bei 8 aus 16
Antwortstatistiken
Antwort % Korrekt
BARBUDA
83%
MALAGA
76%
MALI
72%
PANAMA
71%
AMRUM
65%
HAITI
59%
DONAU
58%
NEAPEL
56%
GOBI
53%
TONGA
51%
BAKU
47%
VERMONT
46%
IOWA
31%
ANDEN
27%
POLEN
25%
ANKARA
14%
Keine übereinstimmenden Quizze gefunden
Verteilung der Resultate
Anzahl Personen mit jedem Resultat
Perzentil nach korrekt beantworteten Fragen
Ihre Resultats-Entwicklung
Sie haben dieses Quiz noch nicht gespielt